000 00563nam a2200229Ia 4500
003 OSt
005 20221005122332.0
006 a|||||r|||| 00| 0
007 ta
008 221004b |||||||| |||| 00| 0 kan d
024 _a62058
037 _cTextual
040 _aCRL
_cCRL
_bkan
041 _2kan
_akan
082 _aY:351.2, 33J7
100 _aK. R. K. Au.
_9624705
245 0 _aJanapad premu geetegalu
260 _c1957
650 _aSOCIOLOGY
942 _hY:351.2, 33J7
_cTEXL
_2cc
999 _c1043967
_d1043967